000 00528nam a22001817a 4500
005 20251108172124.0
008 250721s2002 xx 000 0 ara d
082 1 4 _a005.133/شلب
100 1 _aشلباية، مراد
245 1 0 _aبرمجة المزودات :
_bServer Side Programming /
264 1 _aعمان :
_bدار المسيرة للنشر،
_c2002.
300 _a456 ص.
650 1 7 _aالحواسيب
650 1 7 _aالبرمجة
650 1 7 _aلغات البرمجة
942 _2ddc
_cBK
999 _c70987
_d70987